000 00752nam a2200253Ia 4500
003 OSt
005 20220927103935.0
006 a|||||r|||| 00| 0
007 ta
008 220926b |||||||| |||| 00| 0 eng d
024 _a123575
037 _cReference Collections
040 _aRTL
_cRTL
_beng
041 _2eng
_aeng
082 _a"Sigma.273Ss, GD"
110 _a"Panta, Government Of .... Statistical (Deptt of-)"
_9362290
245 0 _aStatistical report
260 _aPatna
_bGovt Press India
_c1930
490 _v1981
650 _aSocial Sciences
_9362291
700 _a"Panta, Government Of .... Statistical (Deptt of-)"
_9362292
942 _h"Sigma.273Ss, GD"
_cCC
999 _c685186
_d685186